Statistics for Top 20 most important and famous people from Switzerland

Click here to take the quiz!

General Stats

  • This quiz has been taken 24 times
  • The average score is 7 of 20

Answer Stats

HintAnswer% Correct
Tennis player winner of 11 Grand Slam titlesRoger Federer
100%
Philosopher and writer, his political philosophy influenced the progress of the Age of Enlightenment throughout Europe and the French RevolutionJean-Jacques Rousseau
82%
Psychiatrist who founded analytical psychology. His work has been influential in the fields of psychiatry and anthropologyCarl Jung
59%
Mathematician who founded the studies of graph theory and topology and made pioneering and influential discoveries in many other branches of mathematics such as analytic number theory, complex analysis, and infinitesimal calculusLeonhard Euler
50%
President of FIFA from 1998 to 2015Sepp Blatter
50%
Tennis player winner of three Grand Slam titlesStan Wawrinka
50%
Painter influenced by movements in art that included expressionism, cubism, and surrealism. He experimented and explored color theoryPaul Klee
45%
Actor famous for his portrayal of Adolf Hitler in the Oscar-nominated film DownfallBruno Ganz
41%
Humanitarian, businessman, social activist and co-founder of the Red Cross. Winner of Nobel Peace Prize in 1901Henry Dunant
41%
Theologist of XVI century and leader of the Reformation in SwitzerlandHuldrych Zwingli
41%
Writer, author of Demian, Steppenwolf, Siddhartha and The Glass Bead Game. Winner of Nobel Prize in Literature in 1946Hermann Hesse
36%
One of the most important sculptors of XX century. His work was particularly influenced by artistic styles such as Cubism and SurrealismAlberto Giacometti
32%
Psychologist known for his work on child developmentJean Piaget
27%
Actor famous for his roles in The Man in the Glass Booth, Julia and Judgment at Nuremberg. Winner of Academy Award in 1962Maximilian Schell
27%
Pioneer in several aspects of the medical revolution of the Renaissance, emphasizing the value of observation in combination with received wisdom. He is credited as the father of toxicologyParacelsus
14%
Painter of The NightmareHenry Fuseli
9%
Pharmacologist known for his discovery in 1937 of antihistamines, which block the neurotransmitter histamine and are used in allergy medication. Winner of Nobel Prize in Medicine in 1957Daniel Bovet
5%
Medical researcher winner of Nobel Prize in Medicine in 1909 for his work in the physiology, pathology and surgery of the thyroidEmil Theodor Kocher
5%
Physicist who made fundamental theoretical contributions to the understanding of ferromagnetism and electron behavior in crystal lattices. He is also considered one of the developers of nuclear magnetic resonance. Winner of Nobel Prize in Physics in 1952Felix Bloch
5%
Writer, author of Green Henry and The People from SeldwylaGottfried Keller
5%

Score Distribution

Percentile by Number Answered

Percent of People with Each Score

Your Score History

You have not taken this quiz